00761nam a2200205 a 4500003000200000005001700002008004100019050003300060100002500093245011000118260009000228300004000318504004100358650003200399650002100431650003100452650002800483650002300511650002100534020250224100009.0101112s19uu xx 00 eng d aPHS BF 698.35.S43b.Uy1 2010 aUy, Anna Isabella H. aBody mass index and self-esteem of Filipino and Korean high school SISC. students /bAnna Isabella H. Uy. aLas Piñas City, Philippines :bSouthville International School and Colleges,c2010. a27 pages :billustrations ;c30 cm. aIncludes bibliographical references. aSelf-esteem in adolescents. aBody mass index. aBody image in adolescence. aCross-cultural studies. aFilipino students. aKorean students.